The Visistadvaita Vedanta of Ramanuja: (Record no. 365857)

MARC details
000 -LEADER
fixed length control field 00487nam a22001697a 4500
005 - DATE AND TIME OF LATEST TRANSACTION
control field 20250402132221.0
008 - FIXED-LENGTH DATA ELEMENTS--GENERAL INFORMATION
fixed length control field 250402b |||||||| |||| 00| 0 eng d
020 ## - INTERNATIONAL STANDARD BOOK NUMBER
International Standard Book Number 9788119394227
041 ## - LANGUAGE CODE
Language code of text/sound track or separate title eng
082 ## - DEWEY DECIMAL CLASSIFICATION NUMBER
Classification number 001.954
Item number BHA
100 ## - MAIN ENTRY--PERSONAL NAME
Author Bhatt S R
245 ## - TITLE STATEMENT
Title The Visistadvaita Vedanta of Ramanuja:
Remainder of title A Comparative and Critical Study
260 ## - PUBLICATION, DISTRIBUTION, ETC.
Place of publication, distribution, etc. Delhi
Name of publisher, distributor, etc. Motilal Banarsidass International
Date of publication, distribution, etc. 2023
300 ## - PHYSICAL DESCRIPTION
Extent 200p
500 ## - GENERAL NOTE
Keywords Indian Knowledge System
942 ## - ADDED ENTRY ELEMENTS (KOHA)
Koha item type Books
Holdings
Withdrawn status Lost status Source of classification or shelving scheme Damaged status Not for loan Home library Current library Date acquired Vendor Net Price Bill number Total Checkouts Full call number Barcode Date last seen Discount Actual Price Bill Date Koha item type Original Barcode
    Dewey Decimal Classification     Smt. Hiraben Nanavati Institute of Management & Research for Women Smt. Hiraben Nanavati Institute of Management & Research for Women 20/01/2025 Forward Books 495.00 24325   001.954 BHA B22475 HIMR-BK-22475 02/04/2025 27 361.35 18/01/2025 Books B22475